Aflatoxins and human health /

Saved in:
Bibliographic Details
Main Author: Dvorackova, Ivana, 1929-
Format: Book
Language:English
Published: Boca Raton, Fla. : CRC Press, c1990.
Subjects:
LEADER 00881nam a2200253 a 4500
001 c000410379
003 CARM
005 00000000000000.0
008 890706s1990 flua b 00110 eng
019 1 |a 6611984 
020 |a 0849346282 
040 |a VDU  |c VDU 
050 0 0 |a RA1242.A344  |b D86 1990 
082 0 4 |a 615.95292 
100 1 |a Dvorackova, Ivana,  |d 1929- 
245 1 0 |a Aflatoxins and human health /  |c author, Ivana Dvorackova. 
260 0 |a Boca Raton, Fla. :  |b CRC Press,  |c c1990. 
300 |a 154 p. :  |b ill. ;  |c 26 cm. 
504 |a Includes bibliographical references. 
650 0 |a Aflatoxins  |x Toxicology. 
650 0 |a Food poisoning. 
852 8 |b CARM  |h A3:AG02F0  |i C12769  |p 0570356  |f BK 
999 f f |i e5b01ff0-d9d1-5131-9ee6-f259e3defe65  |s fdf546a3-8c78-5aae-9528-77e134948825 
952 f f |p Can circulate  |a CAVAL  |b CAVAL  |c CAVAL  |d CARM 1 Store  |e C12769  |f A3:AG02F0  |h Other scheme  |i book  |m 0570356